Nominácia v odbornej lexike

Bibliographic Details
Main Author: Heiser, František, 1958- (Author)
Format: Book
Language:Slovak
PhysicalDescription:59 s. 21 cm
Published: V Liptovskom Mikuláši Vojenská akadémia 1999
ISBN:8080401020
Subjects:

MARC

LEADER 00000nam a2200000 a 4500
001 vtls001379274
003 SK-MaSNL
005 20260301161336.0
008 240313s1999 xo a r y slo
015 |a SNBA2000/04-01153 
020 |a 8080401020 
035 |a SNK000333244 
035 |a urn:nbn:sk:snk-amkkgd 
035 |a urn:nbn:sk:snk-am003aot 
035 |a 11B247B8-6179-4DAC-936E-52E1B1DAA985 
040 |a SNK  |b slo  |c SNK  |e AACR2 
041 0 |a slo 
044 |a xo  |c SK 
080 |a 355/359:802-316.4=854=82  |2 1981 
080 |a 808.2-316.4  |2 1981 
100 1 |a Heiser, František,  |d 1958-  |4 aut  |9 119215 
245 1 0 |a Nominácia v odbornej lexike  |c František Heiser 
260 |a V Liptovskom Mikuláši  |b Vojenská akadémia  |c 1999 
300 |a 59 s.  |c 21 cm 
500 |a Čiast. text rus. 
500 |a 60 výt. 
504 |a Bibliogr. s. 55-59. Res. slov. a angl. 
650 0 7 |a vojsko  |x terminológia odborná ruská  |x monografie  |2 SNK  |9 524212 
650 0 7 |a terminológia vojenská ruská  |x monografie  |2 SNK  |9 524213 
655 7 |a príručky  |2 SNK  |9 74364 
919 |a 80-8040-102-0 
958 |a TL 
958 |a NB 
999 |c 809057  |d 810987 
952 |t P60, <04>, [BOOK], {604}  |a SNK  |b SNK  |y VYP  |7 0  |p 17A0222369  |o snkSC 100415 D1  |i snkKSP 12/2000  |0 0  |1 0  |4 0  |d 1999-12-16  |l 0  |r 2005-01-02 00:00:00  |w 2026-02-24 
952 |t P60, <03>, [BOOK], {603}  |a SNK  |b SNK  |y PREZ  |7 0  |p 17A0222368  |o snkSC 100415  |i snkKSP 11/2000  |0 0  |1 0  |4 0  |d 1999-12-16  |f 1  |l 0  |r 2025-09-19 00:00:00  |w 2026-02-24